Top 100 Players Of All Time - Statistics

General Stats
  • This quiz has been taken 12 times
  • The average score is 43 of 100
Answer Stats
Hint Answer % Correct
1 LeBron James
100%
2 Michael Jordan
100%
3 Kareem Abdul-Jabbar
91%
49 James Harden
82%
15 Kevin Durant
82%
6 Larry Bird
82%
16 Nikola Jokic
82%
25 Scottie Pippen
82%
9 Stephen Curry
82%
5 Tim Duncan
82%
40 David Thompson
73%
91 Dennis Rodman
73%
21 Dwyane Wade
73%
22 Jerry West
73%
19 Julius Erving
73%
94 Klay Thompson
73%
7 Kobe Bryant
73%
65 Kyrie Irving
73%
43 Luka Doncic
73%
4 Magic Johnson
73%
52 Russell Westbrook
73%
8 Shaquille O'Neal
73%
12 Bill Russell
64%
80 Dennis Johnson
64%
14 Giannis Antetokounmpo
64%
46 Isiah Thomas
64%
23 Karl Malone
64%
26 Moses Malone
64%
47 Tony Parker
64%
17 Wilt Chamberlain
64%
30 Allen Iverson
55%
44 Derrick Rose
55%
10 Hakeem Olajuwon
55%
55 Jason Kidd
55%
18 Kevin Garnett
55%
13 Oscar Robertson
55%
67 Penny Hardaway
55%
36 Steve Nash
55%
31 Clyde Drexler
45%
68 Damian Lillard
45%
42 Dominique Wilkins
45%
98 Draymond Green
45%
74 Dwight Howard
45%
29 Joel Embiid
45%
27 John Stockton
45%
39 Kevin McHale
45%
61 Paul Pierce
45%
78 Alonzo Mourning
36%
66 Anthony Davis
36%
34 Bob Cousy
36%
57 Carmelo Anthony
36%
92 Chris Bosh
36%
71 Chris Mullin
36%
24 Chris Paul
36%
70 Dolph Schayes
36%
35 Elgin Baylor
36%
58 Gary Payton
36%
62 George Mikan
36%
51 James Worthy
36%
28 Kawhi Leonard
36%
96 Manu Ginobili
36%
50 Patrick Ewing
36%
60 Pete Maravich
36%
93 Alex English
27%
48 Bill Walton
27%
64 | 69 Elvin Hayes
27%
90 Grant Hill
27%
45 Jayson Tatum
27%
88 Jo Jo White
27%
59 Ray Allen
27%
84 Robert Parish
27%
33 Shai Gilgeous-Alexander
27%
32 Vince Carter
27%
20 Walt Frazier
27%
79 Wes Unseld
27%
53 Bob Pettit
18%
56 Dave Cowens
18%
63 George Gervin
18%
83 Jalen Brunson
18%
41 Jerry Lucas
18%
82 Jimmy Butler
18%
85 Paul George
18%
38 Rick Barry
18%
99 Sam Jones
18%
75 Sidney Moncrief
18%
54 Tracy McGrady
18%
77 Willis Reed
18%
97 Artis Gilmore
9%
73 Bob McAdoo
9%
81 Chris Webber
9%
72 Mitch Richmond
9%
76 Nate Archibald
9%
100 Bernard King
0%
89 Dikembe Mutumbo
0%
11 Dirk Nowzkiti
0%
95 Donovon Mitchell
0%
86 Gilbert Areans
0%
37 John Havlieck
0%
87 Mark Price
0%
No matching quizzes found
Score Distribution
Percent of People with Each Score
Percentile by Number Answered
Your Score History
You have not taken this quiz